Chimija poverchnostej razdela faz /

Na minha lista:
Detalhes bibliográficos
Main Authors: Jaycock, M.J (Author), Parfitt, G.D (Author)
Formato: Livro
Idioma:russo
Publicado em: Moskva : Mir, 1984
Tags: Adicionar Tag
Sem tags, seja o primeiro a adicionar uma tag!

MARC

LEADER 00000nam a22000003a 4500
001 stu37380
005 20150617225723.9
008 920710s1984----xxr-----------------rus-d
040 |a STU  |b slo 
041 0 |a rus 
044 |a xxr 
100 1 |a Jaycock, M.J  |4 aut 
245 1 |a Chimija poverchnostej razdela faz /  |c [aut.]M.J. Jaycock, G.D. Parfitt; Z angl. kol 
260 |a Moskva :  |b Mir,  |c 1984 
300 |a 269 s 
700 1 |a Parfitt, G.D  |4 aut 
996 |b 284M062354  |c M*6942-1  |l MMKN  |s A  |a 24  |w stu37380_0001